| 000 | 00832nam a22003130a 4500 | ||
|---|---|---|---|
| 001 | PT53556 | ||
| 003 | AR-LpoUNG | ||
| 005 | 20210131231559.0 | ||
| 008 | 191001s2013||||ag |||||||||||||||||spa d | ||
| 020 |
_a9789504633655 _c$8,03 |
||
| 040 |
_aAR-LpoUNG _bspa _cAR-LpoUNG _eaacr |
||
| 041 | _aspa | ||
| 044 | _aag | ||
| 082 | 0 | _a808.068 3 386ast | |
| 100 | 1 | _aSchujer, Silvia | |
| 245 | 1 | 3 | _aEl astronauta del barrio y otros oficios |
| 250 | _a1ra. ed. | ||
| 260 |
_aBuenos Aires : _bAlfaguara, _c2013. |
||
| 300 |
_a39 p. : _bil. |
||
| 505 | 0 | _aSugerido a partir de 6 aƱos (etiqueta AMARILLA) | |
| 650 | 4 | _aARGENTINA | |
| 650 | 4 | _aCUENTOS | |
| 650 | 4 | _aLITERATURA | |
| 651 | 4 | _aDOCUMENTOS TEORICOS O METODOLOGICOS | |
| 653 | _aLITERATURA INFANTIL | ||
| 700 | 1 |
_aPerica _eil. |
|
| 905 | _a53556 | ||
| 942 | _cLIB | ||
| 999 |
_c10866 _d10866 |
||